Michal Hauser (1822-1887)

Bibliographic Details
Format: Article
Language:Slovak
Subjects:

MARC

LEADER 00000nab a2200000 a 4500
001 vtls009945247
003 SK-MaSNL
005 20260304152547.0
008 250506|1957 xo |||||||||||1|| b|slo
015 |a SNBRA2009/08  |2 snkbucl 
035 |a urn:nbn:sk:snk-ab7qky 
035 |a (urnnbn)urn:nbn:sk:snk:ar-001w5v 
035 |a (uuid)9a58fac8-a91f-4f63-bbf4-89abaca38a87 
038 |a SNKBUCL 
040 |a SNKBUCL  |b slo  |c SNKBUCL  |e AACR2 
041 0 |a slo 
044 |a xo  |c SK 
080 |a 78.071.1/.2  |2 2001 
080 |a 929 Hauser, Michal  |2 2001 
245 0 0 |a Michal Hauser (1822-1887)  |c [autor] Z. H. 
600 1 7 |a Hauser, Michal,  |d 1822-1887  |2 snkbucl  |9 240009 
655 7 |a profily  |2 snkbucl  |9 341977 
773 0 |t Slovenská hudba  |g Roč. I, č. 8-9 (1957), s. 292 
850 |a Slovenská národná knižnica 
852 |a Slovenská národná knižnica 
954 |a odborná, vedecká literatúra pôvodná (slovenská)  |2 lita 
958 |a article9 
958 |a OND 
958 |a BX 
958 |a EUIPO 
999 |c 2949783  |d 2951713